Polskie kluby w ekstraklasie 2019/20 - Statystyki

Ogólne statystyki
  • Ten quiz został rozwiązany 168 razy
  • Średni wynik to 13 z 16
Statystyki odpowiedzi
Hint Odpowiedź % Poprawnych
1 Legia Warszawa
99%
5 Lech Poznań
94%
7 Lechia Gdańsk
90%
15 Wisła Kraków
90%
2 Pogoń Szczecin
85%
4 Śląsk Wrocław
84%
3 Cracovia
82%
13 Arka Gdynia
80%
9 Jagiellonia Białystok
78%
8 Wisła Płock
76%
6 Piast Gliwice
75%
11 Raków Częstochowa
75%
12 Górnik Zabrze
73%
16 ŁKS Łódź
72%
14 Korona Kielce
71%
10 Zagłębie Lubin
66%
Nie znaleziono quizów pasujących do podanych kryteriów
Rozkład punktacji
Procent ludzi z każdym wynikiem
Percentyl według liczby udzielonych odpowiedzi
Twoja historia wyników
Nie rozwiązałeś tego quizu